Normal view
MARC view
- Rivera, Danessa.
Entry Personal Name
001 - CONTROL NUMBER
- control field: 46626
003 - CONTROL NUMBER IDENTIFIER
- control field: OSt
005 - DATE AND TIME OF LATEST TRANSACTION
- control field: 20221104155050.0
008 - FIXED-LENGTH DATA ELEMENTS
- fixed length control field: 221104|| aca||aabn | a|a d
040 ## - CATALOGING SOURCE
- Original cataloging agency: OSt
- Transcribing agency: OSt
100 ## - HEADING--PERSONAL NAME
- Personal name: Rivera, Danessa.
670 ## - SOURCE DATA FOUND
- Source citation: Work cat.: (OSt): Rivera, Danessa., Chevron's Batangas depot to be redeveloped / , February 24, 2020.
